| 000 -LEADER |
| fixed length control field |
00739nam a22001457a 4500 |
| 003 - CONTROL NUMBER IDENTIFIER |
| control field |
OSt |
| 005 - DATE AND TIME OF LATEST TRANSACTION |
| control field |
20160324085033.0 |
| 008 - FIXED-LENGTH DATA ELEMENTS--GENERAL INFORMATION |
| fixed length control field |
160324b xxu||||| |||| 00| 0 eng d |
| 040 ## - CATALOGING SOURCE |
| Transcribing agency |
RUA |
| 082 ## - DEWEY DECIMAL CLASSIFICATION NUMBER |
| Classification number |
AGR.BB CHE 2010 B472 Or.1 |
| 100 ## - MAIN ENTRY--PERSONAL NAME |
| 9 (RLIN) |
8168 |
| Personal name |
CHEA SENGHOUY; ជា សេងហួយ |
| 245 ## - TITLE STATEMENT |
| Title |
Comparision of yeild rice planting and sowing in dry season conditionat tmolkouk district, battambang, ប្រៀបធៀបផលិតកម្មស្រួវសន្ទូង និងស្រូវពង្រោះក្នុងលក្ខខ័ណ្ឌរដូវប្រាំង នៅស្រុកថ្មគោល ខេត្តបាត់ដំបង |
| 300 ## - PHYSICAL DESCRIPTION |
| Extent |
xiii,66p. |
| Other physical details |
ill. |
| Dimensions |
29cm. |
| 942 ## - ADDED ENTRY ELEMENTS (KOHA) |
| Source of classification or shelving scheme |
|
| Koha item type |
AGR.bb |